Implementación de un prototipo de comunicación entre microcontroladores para activar/desactivar transmisores de potencia
Gespeichert in:
| 1. Verfasser: | |
|---|---|
| Weitere Verfasser: | |
| Format: | Buch |
| Veröffentlicht: |
San José, Costa Rica
1999
|
| Schlagworte: | |
| Tags: |
Tag hinzufügen
Keine Tags, Fügen Sie den ersten Tag hinzu!
|
MARC
| LEADER | 00000nam a2200000Ia 4500 | ||
|---|---|---|---|
| 003 | 007756 | ||
| 005 | 20240109083524.0 | ||
| 008 | 140114s1999 c a m 000 ||s d | ||
| 040 | |c cru CEDI | ||
| 090 | |a TFG 3955 | ||
| 100 | |a Núñez Solano, Katherine, 1976- |9 2106 | ||
| 245 | |a Implementación de un prototipo de comunicación entre microcontroladores para activar/desactivar transmisores de potencia | ||
| 260 | |a San José, Costa Rica |c 1999 | ||
| 300 | |a viii, 64 hojas | ||
| 500 | |a Proyecto de graduación (bachillerato en ingeniería eléctrica)--Universidad de Costa Rica. Facultad de Ingeniería. Escuela de Ingeniería Eléctrica | ||
| 501 | |a Profesor Guía: Ing. José Miguel Páez J. | ||
| 650 | |x CONTROL AUTOMATICO |x REGULADORES ELECTRICOS |x RELES ELECTRICOS |9 8782 | ||
| 700 | |a Páez Jiménez, José Miguel, 1951- |d Director de Proyecto Eléctrico |9 733 | ||
| 942 | |c TFG |h TFG 3955 |i 007756 |6 TFG_3955_007756000000000 | ||
| 999 | |c 18534 |d 18534 | ||
